000 00483cam a2200205ua 4500
001 7936
008 150102n ii |||gr||||Z||||||hin
020 _a8170281776
040 _cMAIN
041 _ahin
082 _a651.7
100 _aBhayani, A.,
_eAuthor.
245 _aVyaavsayik sampreshan
_cBy Anupchandra Bhayani
250 _a1st.
260 _aDelhi:
_bRajpal,
_c1995.
300 _a234p.
653 _aOffice services
653 _aBusiness communication
942 _cBK
999 _c7056
_d7056